Taylor Swift This Love Lyrics - Statistics

General Stats
  • This quiz has been taken 520 times
  • The average score is 252 of 303
Answer Stats
Answer % Correct
I
99%
a
98%
is
98%
love
98%
love,
98%
this
98%
This
98%
go
97%
and
95%
And
95%
back
95%
good,
95%
to
95%
me,
94%
the
94%
you
94%
bad
93%
came
93%
oh,
93%
oh
93%
Oh,
93%
from
91%
in
89%
In
89%
it
89%
dead,
86%
free
86%
let
86%
what
86%
on
85%
On
85%
on,
85%
had
80%
hands
80%
These
80%
alive,
79%
dark,
78%
could
77%
Your
76%
blue
75%
just
75%
water
75%
Clear
74%
my
72%
were
72%
of
71%
brought
68%
you're
68%
never
67%
dreams
65%
gone
65%
Gone
65%
Gone,
65%
tide
65%
wildest
65%
But
63%
High
63%
dreamed
62%
When
61%
glowing
60%
mark
59%
silent
59%
time
59%
will
59%
again
58%
out
57%
kiss,
56%
leave
56%
left
56%
permanent
56%
watched
56%
cheek
55%
come
55%
screams
55%
up
54%
Skies
53%
ships
52%
darker
51%
sinking
51%
night
50%
grew
49%
knees
49%
need
49%
fell
48%
new
48%
only
48%
showed
48%
swept
48%
with
48%
young,
48%
for
47%
someone
46%
turning
46%
smile,
45%
Tossing,
45%
losing
44%
run
44%
through
44%
Currents
43%
burning
41%
ghost
41%
grip
39%
Lantern
39%
still
39%
Struggled
38%
Flickered
36%
mind
21%
Been
10%
No matching quizzes found
Score Distribution
Percent of People with Each Score
Percentile by Number Answered
Your Score History
You have not taken this quiz